000 00946nam a2200217Ia 4500
999 _c47701
_d47701
001 14572
003 GE_BSU
005 20241119111107.0
008 181216s1954||||ge |||||||||||||| ||geo||
040 _cGE_BSU
041 _ageo
080 _a141.821.4 მ-54
100 _aმარქსი, კ.
_912776
245 _aკაპიტალი : პოლიტიკური ეკონომიის კრიტიკა. ტ.1 წ.1 :
_bკაპიტალის წარმოების პროცესი /
_cკ. მარქსი.
264 _aთბილისი :
_bსახელგამი,
_c1954.
300 _a992 გვ. ;
_b1ფ. პორტრ.
504 _aბიბლიოგრფია ტექსტის შენიშვნებში
653 _aკაპიტალი
653 _aპოლიტიკური ეკონომიის კრიტიკა
942 _cBK
_2udc